| 000 | 03356cam a22007094i 4500 | ||
|---|---|---|---|
| 003 | PE-LiUPU | ||
| 005 | 20250731170455.0 | ||
| 008 | 150706s2012 mx a rb 000 0 spa d | ||
| 020 | _a9780984539949 | ||
| 035 | _a(Sirsi) i9780984539949 | ||
| 040 |
_aPE-LiUPU _bspa _cPE-LiUPU _erda |
||
| 049 | _aPRUA | ||
| 082 | 0 | 4 |
_a150.7 _bP45 _221 |
| 100 | 1 |
_aPereyra, Mario, _eautor. |
|
| 245 | 1 | 0 |
_aPsicología : _bun abordaje bíblico-cristiano para profesionales, docentes y estudiantes / _cMario Pereyra. |
| 264 | 1 |
_aMéxico : _bEditorial Universitaria Iberoamericana, _c2012. |
|
| 300 |
_a351 páginas : _bilustraciones ; _c22 centímetros |
||
| 336 |
_atext _2rdacontent |
||
| 337 |
_aunmediated _2rdamedia |
||
| 338 |
_avolume _2rdacarrier |
||
| 504 | _aIncluye bibliografía. | ||
| 505 | 0 | _aLa psicología durante los siglos XVII y XVIII -- El siglo XIX y el nacimiento de la psicología como ciencia -- El psicoanálisis -- La psicología objetiva y la sobrevivencia del subjetivismo -- La psicología en la primera mitad del siglo XX -- La psicología a mediados del siglo XX -- La psicología a principio del siglo XXI -- La psicología de la religión -- Conceptos de la Iglesia Adventista sobre la psicología -- La cosmovisión bíblica en la psicología -- Aplicaciones de la psicología bíblica. | |
| 526 | _aSEG68 | ||
| 526 | _aSEG70 | ||
| 526 | _aSEG69 | ||
| 526 | _aSEG67 | ||
| 526 | _aSEG43 | ||
| 526 | _aP144 | ||
| 526 | _aP143 | ||
| 526 | _aP131 | ||
| 526 | _aP122 | ||
| 526 | _aP120 | ||
| 526 | _aP117 | ||
| 526 | _aP112 | ||
| 526 | _aP110 | ||
| 526 | _aP106 | ||
| 526 | _aP101 | ||
| 526 | _aP80 | ||
| 526 | _aP59 | ||
| 526 | _aP54 | ||
| 526 | _aP35 | ||
| 526 | _aP33 | ||
| 526 | _aP30 | ||
| 541 | _g045-0004388; | ||
| 541 | _g045-0004388; | ||
| 650 | 0 | 4 |
_aPsicología _vEnseñanza. |
| 650 | 0 | 4 |
_aIntegración fe-enseñanza. _95258 |
| 650 | 0 | 4 |
_aEducación adventista _xFines y objetivos. |
| 700 | 1 |
_aRasi M. Humberto, _ecoord. |
|
| 700 | 1 |
_aPeverini N: y De Rasi, Julieta, _eed. y rev. |
|
| 910 |
_agl _bjv _cng _d20121214 |
||
| 942 |
_2ddc _cBOOK |
||
| 949 |
_a150.7 P45 _wDEWEY _c1 _i66018 _lCCODEBUL1 _mBUL _p34.00 _r0 _sY _tBOOK _u2015-7-6 _xSALUD _PP33 _o.STAFF. Colección General |
||
| 949 |
_a150.7 P45 _wDEWEY _c2 _i66019 _lCCODEBUL1 _mBUL _p34.00 _r0 _sY _tBOOK _u2015-7-6 _xSALUD _PP33 _o.STAFF. Colección General |
||
| 949 |
_a150.7 P43 2012 _wDEWEY _c1 _iFJ01680 _lCCODEBUJ1 _mBUJ _p34.00 _r0 _sY _tBOOK _u2015-12-11 _xSALUD _PP33 _0COMPRA _o.STAFF -- Colección General Juliaca |
||
| 994 |
_aC0 _bPEPRU |
||
| 596 | _a1 3 | ||
| 999 |
_a150.7 P45 _wDEWEY _c54378 _i66018 _d54378 _e2022-5-15 _f2021-11-3 _g5 _lCCODEBUL1 _mBUL _n52 _p34.00 _q9 _r0 _sY _tBOOK _u2015-7-6 _xSALUD _PP33 _0COMPRA _o.STAFF. Colección Ciencias de la Salud |
||
| 999 |
_a150.7 P45 _wDEWEY _c2 _i66019 _d2019-8-26 _e2019-8-19 _f2021-11-3 _g5 _lCCODEBUL1 _mBUL _n55 _p34.00 _q9 _r0 _sY _tBOOK _u2015-7-6 _xSALUD _PP33 _0COMPRA _o.STAFF. Colección Ciencias de la Salud |
||
| 999 |
_a150.7 P43 2012 _wDEWEY _c1 _iFJ01680 _d2019-10-16 _e2018-8-28 _f2022-1-17 _g4 _lCCODEBUJ1 _mBUJ _n10 _p34.00 _q24 _r1 _sY _tBOOK _u2015-10-7 _xSALUD _PP33 _0COMPRA _o.STAFF. Colección General Juliaca |
||
| 980 |
_81 _gALBERTO SANCHEZ Responsable de Automatización |
||